Derecho constitucional general y colombiano / (Registro nro. 19208)

Detalles MARC
000 -LEADER
fixed length control field 01257nam a2200265 4500
001 - CONTROL NUMBER
control field 0000013571
003 - CONTROL NUMBER IDENTIFIER
control field CO-CtgCURN
005 - DATE AND TIME OF LATEST TRANSACTION
control field 20250512151513.0
007 - PHYSICAL DESCRIPTION FIXED FIELD--GENERAL INFORMATION
fixed length control field ta
008 - FIXED-LENGTH DATA ELEMENTS--GENERAL INFORMATION
fixed length control field 160627s1995 000 0 eng d
040 ## - CATALOGING SOURCE
Original cataloging agency CO-CtgCURN
Language of cataloging spa
Transcribing agency coctgcurn
082 0# - DEWEY DECIMAL CLASSIFICATION NUMBER
Classification number 342.861
Item number P37d
100 1# - MAIN ENTRY--PERSONAL NAME
Personal name Pérez Villa, Jorge.
245 10 - TITLE STATEMENT
Title Derecho constitucional general y colombiano /
Statement of responsibility, etc. Jorge Pérez Villa.
260 ## - PUBLICATION, DISTRIBUTION, ETC.
Place of publication, distribution, etc. Bogotá :
Name of publisher, distributor, etc. Leyer,
Date of publication, distribution, etc. 1995.
300 ## - PHYSICAL DESCRIPTION
Extent 463 p.
336 ## - CONTENT TYPE
Source rdacontent
337 ## - MEDIA TYPE
Source rdamedia
Media type term sin mediacion
Media type code n
338 ## - CARRIER TYPE
Source rdacarrier
Carrier type term volumen
Carrier type code nc
505 8# - FORMATTED CONTENTS NOTE
Formatted contents note La formacion del estado constitucional.--El estado nacional y las formas de organizacion estatal.--Las ramas del poder publico.--La constitucion nacional.--Teoria constitucional colombiana.--Estructura del presidencialismo en Colombia.--La Administración nacional central y descentralizada.--La Administración departamental.--La Administración municipal y descentralizada.--Control constitucional.--Reforma de la constitucion.--Planeacion economica y desarrollo en Colombia
650 14 - SUBJECT ADDED ENTRY--TOPICAL TERM
Topical term or geographic name entry element Derecho constitucional
Geographic subdivision Colombia.
908 ## - PUT COMMAND PARAMETER (RLIN)
Put command parameter 160627
942 ## - ADDED ENTRY ELEMENTS (KOHA)
Koha item type Libros
Classification part 342.861
Item part P37d
Source of classification or shelving scheme Dewey Decimal Classification
Suppress in OPAC No
Existencias
Withdrawn status Lost status Source of classification or shelving scheme Damaged status Not for loan Collection Home library Current library Shelving location Date acquired Inventory number Total checkouts Full call number Barcode Date last seen Copy number Price effective from Koha item type Public note
    Dewey Decimal Classification     General Miguel Henríquez Castañeda Miguel Henríquez Castañeda General 03/31/2025 004092   342.861 P37d 004092 03/31/2025 ej.1 03/31/2025 Libros 340-DEREC